ბათუმის შოთა რუსთაველის სახელმწიფო უნივერსიტეტის ბიბლიოთეკა

კოლხეთის დაბლობის ცოცხალი სფაგნუმიანი ტორფნარევის მცენარეული საფარი : დისერტაცია / (ბიბ.ჩანაწერი № 51700)

000 -ლიდერი
ფიქსირებული სიგრძის საკონტროლო ველი 01377nam a2200229Ia 4500
001 - საკონტროლო ნომერი
საკონტროლო ველი 18691
003 - საკონტროლო ნომრის იდენტიფიკატორი
საკონტროლო ველი GE_BSU
005 - ბოლო ოპერაციის თარიღი და დრო
საკონტროლო ველი 20220920163542.0
008 - ფიქსირებული სიგრძის მონაცემთა ელემენტები - ზოგადი ინფორმაცია
ფიქსირებული სიგრძის საკონტროლო ველი 181216s2008||||ge |||||||||||||| ||geo||
040 ## - კატალოგიზაციის წყარო
Transcribing agency GE_BSU
041 ## - ენის კოდი
Language code of text/sound track or separate title geo
080 ## - უნივერსალური ათობითი კლასიფიკაციის ინდექსი
Universal Decimal Classification number 58 მ-43
100 ## - მთავარი ჩანაწერი - პიროვნების სახელი
Personal name მაჭუტაძე, ი.
9 (RLIN) 10609
245 ## - ცნობა სათაურის შესახებ
Title კოლხეთის დაბლობის ცოცხალი სფაგნუმიანი ტორფნარევის მცენარეული საფარი : დისერტაცია /
Statement of responsibility, etc ი. მაჭუტაძე; მეცნ. ხელმძღვ. მ. დუმბაძე; ბათუმის შოთა რუსთაველის სახ-ფო უნ-ტი.ბიოლოგიის დეპ-ტი.
264 ## - წარმოების, გამოცემის, დისტრიბუციის და სხვა ცნობები
გამოცემის, წარმოების, დისტრიბუციის... ადგილი ბათუმი :
გამოცემის, წარმოების, დისტრიბუციის... სახელწოდება ბათუმის შოთა რუსთაველის სახ. უნ-ტი,
გამოცემის, წარმოების, დისტრიბუციის... თარიღი 2008.
300 ## - ფიზიკური აღწერა
Extent 115 გვ.;
Other physical details 30 სმ.
653 ## - INDEX TERM--UNCONTROLLED
Uncontrolled term ბოტანიკა
653 ## - INDEX TERM--UNCONTROLLED
Uncontrolled term დისერტაცია
653 ## - INDEX TERM--UNCONTROLLED
Uncontrolled term კოლხეთის დაბლობის ცოცხალი სფაგნუმიანი ტორფნარევის მცენარეული საფარი
700 ## - ADDED ENTRY--PERSONAL NAME
Personal name დუმბაძე, მ.
Relator term მეცნ. ხელმძღვანელი
9 (RLIN) 1562
942 ## - ADDED ENTRY ELEMENTS (KOHA)
Koha item type წიგნი
Source of classification or shelving scheme
ეგზემპლარები
ჩამოწერის სტატუსი დაკარგული ეგზემპლარის სტატუსი კლასიფიკაციის წყარო ან თაროზე გაწყობის სქემა დაზიანების სტატუსი არ გაიცემა მუდმივი მდებარეობა (დაცვის ადგილი) ამჟამინდელი ადგილსამყოფელი თაროზე განთავსების ადგილი შეძენის თარიღი სრული შენახვის შიფრი შტრიხკოდი ბოლო ოპერაციის თარიღი ეგზემპლარის მიმდევრობითი ნომერი (კეტერი?) ფასის ძალაში შესვლის თარიღი ეგზემპლარის სახეობა
          ბათუმის შოთა რუსთაველის სახელმწიფო უნივერსიტეტის მთავარი ბიბლიოთეკა ბათუმის შოთა რუსთაველის სახელმწიფო უნივერსიტეტის მთავარი ბიბლიოთეკა წიგნსაცავი 2018-12-17 58 მ-43 55 დისერტ. 2018-12-17 55 2018-12-17 დისერტაცია